000 00653nam a2200229 i 4500
001 91816
003 ES-MaACL
005 20240604122302.0
007 t|
008 050217s2004 sp ||||1| spa d
020 _a8495289547
080 _a821.134.2-14"19"
100 1 _aFagundo, Ana María.
_948634
245 1 0 _aPalabras sobre los días /
_cAna María Fagundo.
260 _aFerrol :
_bSociedad de Cultura Valle-Inclán,
_c2004.
300 _a154 p. ;
_c21 cm.
490 1 _aEsquío ;
_v101
830 0 _aColección Esquío de poesía ;
_v101
_9179209
852 _aES-MaACL
_jL-28870
_bR.135288
942 _2udc
999 _c91816
_d91816